Procedimiento de ejecución de sentencias (Registro nro. 3408)
[ vista simple ]
| 000 -LEADER | |
|---|---|
| fixed length control field | 01152 a2200229 4500 |
| 001 - CONTROL NUMBER | |
| control field | 41188 |
| 005 - DATE AND TIME OF LATEST TRANSACTION | |
| control field | 20260407155705.0 |
| 008 - FIXED-LENGTH DATA ELEMENTS--GENERAL INFORMATION | |
| fixed length control field | 260407a1994 arg spa d |
| 003 - CONTROL NUMBER IDENTIFIER | |
| control field | AR-UNSa-BCEJYS |
| 040 ## - CATALOGING SOURCE | |
| Original cataloging agency | AR-UNSa-BCEJYS |
| Language of cataloging | spa |
| Transcribing agency | AR-UNSa-BCEJYS |
| 080 ## - UNIVERSAL DECIMAL CLASSIFICATION NUMBER | |
| Universal Decimal Classification number | 343.8 |
| Common auxiliary subdivision | Condena. Ejecución de la sentencia. Cumplimiento de la pena. Prevención del delito (Instituciones penitenciarias) |
| 020 ## - INTERNATIONAL STANDARD BOOK NUMBER | |
| International Standard Book Number | 950-9606-91-X |
| 041 ## - LANGUAGE CODE | |
| Language code of text/sound track or separate title | spa |
| 100 1# - MAIN ENTRY--PERSONAL NAME | |
| Personal name | Rosenblat, Héctor Claudio |
| 245 10 - TITLE STATEMENT | |
| Title | Procedimiento de ejecución de sentencias |
| 264 #1 - PRODUCTION, PUBLICATION, DISTRIBUTION, MANUFACTURE, AND COPYRIGHT NOTICE | |
| Place of production, publication, distribution, manufacture | Buenos Aires : |
| Name of producer, publisher, distributor, manufacturer | AD-HOC |
| Date of production, publication, distribution, manufacture, or copyright notice | 1994 |
| 300 ## - PHYSICAL DESCRIPTION | |
| Extent | 142 p. |
| Dimensions | 23 cm. |
| 505 ## - FORMATTED CONTENTS NOTE | |
| Formatted contents note | 1. Generalidades - 2. Títulos y resoluciones ejecutables - 3. Competencia - 4. Liquidez y embargo - 5. Liquidaciones, indexaciones, desindexaciones e incidentes - 6. Citación de venta, embargo y excepciones - 7. Sentencia ejecutoria y recursos - 8. Efectivización de la condena según su naturaleza - 9. Liquidaciones especiales - 10. Sentencias extranjeras - |
| 590 ## - LOCAL NOTE (RLIN) | |
| Local note | niveau_biblio:m niveau_hierar:0 |
| 856 41 - ELECTRONIC LOCATION AND ACCESS | |
| Uniform Resource Identifier | <a href="https://biblioeco.unsa.edu.ar/pmb/images/libros/L126424.jpg">https://biblioeco.unsa.edu.ar/pmb/images/libros/L126424.jpg</a> |
| Link text | Imagen de portada |
| Electronic format type | image/jpeg |
| 942 ## - ADDED ENTRY ELEMENTS (KOHA) | |
| Koha item type | |
| Withdrawn status | Lost status | Damaged status | Not for loan | Home library | Current library | Shelving location | Date acquired | Total checkouts | Full call number | Barcode | Date last seen | Price effective from | Koha item type |
|---|---|---|---|---|---|---|---|---|---|---|---|---|---|
| Biblioteca Prof. Eusebio Cleto del Rey | Biblioteca Prof. Eusebio Cleto del Rey | 07/04/2026 | 343.8 R813 | L126424 | 07/04/2026 | 07/04/2026 | Libro | ||||||
| Biblioteca Prof. Eusebio Cleto del Rey | Biblioteca Prof. Eusebio Cleto del Rey | 07/04/2026 | 343.8 R813 | L126448 | 07/04/2026 | 07/04/2026 | Libro |